000 004320000a22001810004500
003 MACL
005 20160130170524.0
008 160130b xxu||||| |||| 00| 0 eng d
040 _aMACL
_cMACL
041 _aEnglish
082 _a954
100 _aChandra, Bipan
_9594
245 _aIndia's Struggle for Indepencence
260 _bPenguin Books
_aNew Delhi
350 _a299
650 _aHistory
_936298
942 _cBK
_k954
_2ddc
999 _c45650
_d45650